00531 2200193 4500001002100000005001500021035002000036007000300056008004100059020002200100082001200122084001800134100002600152245007100178250001000249260003800259300002200297650001800319INLIS00000000000134320180124032158 a0010-0118000161ta180124 f 0 ind  a978-979-3204-27-7 a297.273 a297.273 HAR k0 aHarahap Syafri Sofyan1 aKerangka teori & tujuan Akuntansi Syariah /cSofyan Syafri Harahap acet 1 ajakarta :bPustaka Quantum,c2008 a372hlm ;c20,8 cm aEkonomi Islam